000 00356nam a2200133Ia 4500
008 240624s9999 xx 000 0 und d
041 _aeng
082 _a658.4092 MAI
100 _aMAI ROBERT
245 _aLEADER AS COMMUNICATOR STRATEGIES AND TA
260 _c2008
_aNew Delhi
_bPrentice-Hall of India
300 _a276 : p. : cm. ; 24
365 _cRS
_b36
999 _c10307
_d10307